Digital drawing for designers : (Record no. 101296)

MARC details
000 -LEADER
fixed length control field 00724cam a2200229 i 4500
008 - FIXED-LENGTH DATA ELEMENTS--GENERAL INFORMATION
fixed length control field
020 ## - INTERNATIONAL STANDARD BOOK NUMBER
International Standard Book Number 9781501318122 (pbk.)
049 ## - LOCAL HOLDINGS (OCLC)
Holding library MAIN
090 0# - LOCALLY ASSIGNED LC-TYPE CALL NUMBER (OCLC); LOCAL CALL NUMBER (RLIN)
Classification number (OCLC) (R) ; Classification number, CALL (RLIN) (NR) REF T386.A97
Local cutter number (OCLC) ; Book number/undivided call number, CALL (RLIN) SEI
003 - CONTROL NUMBER IDENTIFIER
control field
005 - DATE AND TIME OF LATEST TRANSACTION
control field 20230120191439.0
040 ## - CATALOGING SOURCE
Transcribing agency NUST
100 1# - MAIN ENTRY--PERSONAL NAME
Personal name Seidler, Douglas R.
245 10 - TITLE STATEMENT
Title Digital drawing for designers :
Remainder of title A visual guide to AutoCAD 2017 /
Statement of responsibility, etc. Douglas R. Seidler.
260 ## - PUBLICATION, DISTRIBUTION, ETC.
Place of publication, distribution, etc. New York :
Name of publisher, distributor, etc. Fairchild Books, an imprint of Bloomsbury Publishing Inc.,
Date of publication, distribution, etc. 2017.
300 ## - PHYSICAL DESCRIPTION
Extent xvii, 254 p. ;
Dimensions 28 cm.
500 ## - GENERAL NOTE
General note Includes index.
650 #0 - SUBJECT ADDED ENTRY--TOPICAL TERM
Topical term or geographic name entry element Computer-aided design.
630 00 - SUBJECT ADDED ENTRY--UNIFORM TITLE
Uniform title AutoCAD.
907 ## - LOCAL DATA ELEMENT G, LDG (RLIN)
a .b10388047
b 07-09-18
c 23-01-18
942 ## - ADDED ENTRY ELEMENTS (KOHA)
Koha item type Ordinary Loan Books
Call number prefix REF T386.A97
Call number suffix SEI
Holdings
Date last seen Total Checkouts Full call number Barcode Cost, replacement price Price effective from Koha item type Lost status Source of classification or shelving scheme Damaged status Not for loan Collection Withdrawn status Home library Current library Shelving location Date acquired Cost, normal purchase price
01/20/2023   REF T386.A97 SEI 92004044766 80.00 01/20/2023 BOOKS   LCC     NFIC   MAIN MAIN GEN 01/20/2023 80.00